| 000 | 00584nam a2200181 i 4500 | ||
|---|---|---|---|
| 001 | 101770 | ||
| 003 | ES-MaACL | ||
| 005 | 20230906182957.0 | ||
| 007 | t| | ||
| 008 | 051025s1921 fr ||||1| fre d | ||
| 100 | 1 |
_aMeillet, Antoine ( _d1866-1936) _979843 |
|
| 245 | 1 | 0 |
_aGrammaire de la langue polonaise / _cpar A. Meillet et Mme H. de Willman-Grabowska. |
| 260 |
_aParis : _b[s.n.], _c1921 ( _fImprimeries réunies) |
||
| 300 |
_a222 p. ; _c22 cm. |
||
| 650 | 4 |
_aLengua polaca- _xGramática. _9163180 |
|
| 700 | 1 |
_aWillman-Grabowska, Helena. _9116985 |
|
| 852 |
_aES-MaACL _jB-3596 |
||
| 999 |
_c101770 _d101770 |
||